| 000 | 00548nam a2200145 a 4500 | ||
|---|---|---|---|
| 008 | 210303s1988 ||||||||||||||||| || u | ||
| 020 | _a5200002761 | ||
| 050 | _aPG 2900 Gab | ||
| 100 | _aGabuchan, K.V | ||
| 245 | 1 | 0 |
_aEducational explanatory dictionary of the Russian language _cK.V Gabuchan |
| 260 |
_aMoscow _c1988 |
||
| 300 | _a441 pages: illustrations | ||
| 650 | _aRUSSIAN LITERATURE | ||
| 995 |
_FCBU-MAIN LIBRARY (Kitwe) _M1 _UAVAILABLE _WMar 3, 2021 _ZMain Library Open Access Collection |
||
| 999 |
_c41168 _d41168 |
||